Loading...
Financial management
| Main Author: | |
|---|---|
| Other Authors: | |
| Format: | Printed Book |
| Language: | English |
| Published: |
New Delhi
Tata Mc Graw - Hill
2004
|
| Subjects: |
| LEADER | 00549nam a22001817a 4500 | ||
|---|---|---|---|
| 005 | 20151217143855.0 | ||
| 008 | 100403t xxu||||| |||| 00| 0 eng d | ||
| 020 | |a 0583404 | ||
| 080 | |a 658.1 |b KHA | ||
| 100 | |a Khan, M Y |9 8294 | ||
| 245 | |a Financial management | ||
| 260 | |a New Delhi |b Tata Mc Graw - Hill |c 2004 | ||
| 300 | |a 1000p. | ||
| 653 | |a Financial management | ||
| 700 | |a Jain, P K |9 8295 | ||
| 942 | |c BK |6 _ | ||
| 999 | |c 142822 |d 142822 | ||
| 952 | |0 0 |1 0 |2 ddc |4 0 |6 6581_KHA |7 0 |9 181557 |a DST |b DST |d 2010-04-03 |o 658.1 KHA |p DST07994 |r 2013-06-19 |w 2013-06-19 |y BK | ||